000
00350nam a2200157 4500
001
45025
090
_a
45025
100
_a
20251024 pory50
101
_a
por
102
_a
PT
200
_a
Cavalos
_e
conhecer e reconhecer
210
_a
Colónia
_c
Vemag Verlags
_d
[S.d.]
215
_a
128 p.
_c
il.
675
_a
599.72
801
_a
PT
_g
RPC
990
_c
LIVROS